CAx systémy v leteckom priemysle

Stručné predstavenie softvéru CATIA v leteckom priemysle. Hlavná myšlienka a využitie v praxi.

Guardado en:
Detalles Bibliográficos
Autor principal: Daneshjo, Naqibullah, 1964-
Otros Autores: Korba, Peter, Iľaščíková, Lucia, Dietrich, Christian, Eldojali, Mohamed Ali M., Kohla, Andreas
Formato: Capítulo de libro
Lenguaje:eslovaco
Materias:
Etiquetas: Agregar Etiqueta
Sin Etiquetas, Sea el primero en etiquetar este registro!

MARC

LEADER 00000naa$a2200000$$$4500
001 0270257
005 20240502074231.4
041 0 |a slo 
044 |a SK 
245 1 0 |a CAx systémy v leteckom priemysle  |c Naqibullah Daneshjo, Peter Korba, Lucia Iľaščíková, Christian Dietrich, Mohamed Ali M. Eldojali, Andreas Kohla 
520 |a Stručné predstavenie softvéru CATIA v leteckom priemysle. Hlavná myšlienka a využitie v praxi. 
610 2 0 |a priemysel letecký 
610 2 0 |a systémy kvality 
610 2 0 |a softvér 
610 2 0 |a konštrukcia 
610 2 0 |a technológie nové 
100 1 |a Daneshjo, Naqibullah, 1964- 
700 1 |a Korba, Peter 
700 1 |a Iľaščíková, Lucia 
700 1 |a Dietrich, Christian 
700 1 |a Eldojali, Mohamed Ali M. 
700 1 |a Kohla, Andreas